| 000 | 01374nam a2200349 a 4500 | ||
|---|---|---|---|
| 001 | 000115242 | ||
| 003 | CHAP | ||
| 005 | 20220329144525.0 | ||
| 008 | 190121s2018 mx a sm |||||||spa d | ||
| 010 | _a111703 | ||
| 011 | _a112675 | ||
| 040 | _cCHAP | ||
| 090 | _aTesis | ||
| 100 | 1 |
_aCarrera Alvarado, José Ignacio. _9136274 |
|
| 245 | 1 | 0 |
_aAprovechamiento integral de producción de coco (Cocos nucifera L.) del Valle de Cihuatlán, Jal. / _h[En línea] _cpor José Ignacio Carrera Alvarado y Diana Monserrat Hortigoza Salgado. |
| 260 |
_aChapingo, Méx. : _bEl autor, _c2018. |
||
| 500 | _aPara ver el contenido del material haga clic en la liga | ||
| 502 | _aTesis (Ing. Agroindustrial) -- UACH. Departamento de Ingeniería Agroindustrial | ||
| 590 |
_aBATCH-UPD _b10 _c20190623 _lUCH01 _h1105 |
||
| 590 |
_aE11695DGD _b10 _c20190623 _lUCH01 _h1104 |
||
| 590 |
_aE8697GMM _b05 _c20190121 _lUCH01 _h0904 |
||
| 590 |
_aE8697GMM _b05 _c20190121 _lUCH01 _h0924 |
||
| 590 |
_aE8697GMM _b05 _c20190121 _lUCH01 _h0926 |
||
| 590 |
_aE8697GMM _b05 _c20190517 _lUCH01 _h1519 |
||
| 650 | 1 | 4 |
_aCoco _xProducción _xInnovaciones tecnológicas. _9131345 |
| 650 | 1 | 4 |
_aCoco _xSubproductos. _924268 |
| 700 | 1 |
_aHortigoza Salgado, Diana Monserrat. _9136275 |
|
| 856 |
_aFinding aid _uhttp://10.13.5.2/tesis/sist115242.pdf _zTeclea aquí |
||
| 901 | _aBK | ||
| 942 | _cTESIS | ||
| 942 | _n0 | ||
| 999 |
_c111703 _d111703 |
||